Culture Générale - Série 888 - Statistiques

Statistiques générales
  • Ce quiz a été pris 142 fois
  • Le résultat moyen est 5 sur 10
Statistiques - réponses
Question Réponse % Correct
Comment appelle-t-on le nombre, par lequel on doit multiplier le diamètre d'un cercle, pour obtenir son périmètre ? Pi
88%
Le drapeau national du Royaume-Uni est appelé : "Union... Jack
83%
Quel mot tupi désigne le grand perroquet à longue queue et au plumage vivement coloré ? ara
72%
Comment appelle-t-on le déplacement des troupeaux, qui vont paître en montagne durant l'été ? transhumance
63%
Quel mot, synonyme de "bigleux", est également le nom d'un peintre espagnol du XXe siècle ? Miro
57%
Si vous vous tenez sur le parvis de la cathédrale de Chartres, dans quel département êtes-vous ? Eure-et-Loir
51%
Pour quel surintendant des finances le château de Vaux-le-Vicomte fut-il construit ? Nicolas Fouquet
36%
Qui incarne Lawrence d'Arabie, dans le film de David Lean ? Peter O'Toole
34%
En 1960, quelle actrice italienne incarne Angela dans “La Diablesse en collants roses” ? Sophia Loren
31%
Quel pilote automobile, vainqueur du Paris-Dakar 1983, a remporté huit grands prix de Formule 1 ? Jacky Ickx
9%
Aucun quiz correspondant
Distribution des résultats
% des personnes avec chaque résultat
Percentile par nombre de réponses
Votre historique - résultats
Vous n’avez pas pris ce quiz